000 00311nam a22001337a 4500
008 181019b xxu||||| |||| 00| 0 eng d
020 _a0061422878
041 _aeng
080 _a610
100 _a4
101 _aSHM
245 _aThe Musculoskeletal System in health and disease
_cRosse,C
942 _2udc
_cBK
999 _c50222
_d50222